Complete the Card - WWE Backlash 2009 - Statistics

General Stats
  • This quiz has been taken 20 times
  • The average score is 15 of 18
Answer Stats
Answer % Correct
Edge
100%
John Cena
100%
Randy Orton
100%
Triple H
100%
Cody Rhodes
92%
Jeff Hardy
92%
Matt Hardy
92%
Ted DiBiase
92%
Batista
85%
Kane
85%
Santina Marella
85%
Shane McMahon
85%
Beth Phoenix
77%
Chris Jericho
77%
CM Punk
77%
Christian
69%
Jack Swagger
69%
Ricky Steamboat
46%
No matching quizzes found
Score Distribution
Percent of People with Each Score
Percentile by Number Answered
Your Score History
You have not taken this quiz